Célébrités en S - Statistiques

Statistiques générales
  • Ce quiz a été pris 683 fois
  • Le résultat moyen est 12 sur 16
Statistiques - réponses
Par images Réponse % Correct
Stromae
96%
Soprano
94%
Will Smith
92%
Shakira
91%
Taylor Swift
91%
Nicolas Sarkozy
88%
Ed Sheeran
87%
Sam Smith
87%
Matt Smith
82%
Sabrina Carpenter
74%
Britney Spears
73%
Emma Stone
63%
Kristen Stewart
43%
Meryl Streep
43%
Lea Seydoux
33%
Patrick Swayze
29%
Aucun quiz correspondant
Distribution des résultats
% des personnes avec chaque résultat
Percentile par nombre de réponses
Votre historique - résultats
Vous n’avez pas pris ce quiz